| 000 | 00624nam a22001577a 4500 | ||
|---|---|---|---|
| 003 | OSt | ||
| 005 | 20160217142533.0 | ||
| 008 | 160217b xxu||||| |||| 00| 0 eng d | ||
| 040 | _cRUA | ||
| 082 | _aMGR VENU 2012 B421 Or.1 | ||
| 100 |
_97297 _aVEU THANGRAK; វឺ ថនរ័ក្ស |
||
| 245 | _aControl of animal product and animal movement in benteay meanchey province; ការត្រួតពិនិត្យចលនា និងផលិតផលសត្វ នៅខេត្តបន្ទាយមានជ័យ | ||
| 260 |
_aPhnom Penh _bRUA _c2012 |
||
| 300 |
_aix;42p. _bill. _c29cm. |
||
| 942 |
_2ddc _cNRM |
||
| 999 |
_c6867 _d6867 |
||